| 000 | 00776nam a22002537a 4500 | ||
|---|---|---|---|
| 003 | DO-SdBNP | ||
| 005 | 20180219153100.0 | ||
| 008 | 1510 1992 sp a || 00| 0 spa d | ||
| 020 | _a8434809001 | ||
| 040 |
_aBPMSU _bspa _cBPMSU |
||
| 100 | _aWalter, M. Lerme | ||
| 240 | _aLes voyageurs sans souci / | ||
| 245 |
_aLos alegres viajeros / _cM. Lerme Walter ; traducción Manuel Barbadillo ; ilustraciones Patrice Harispe |
||
| 260 |
_aMadrid : _bSM _c1992 |
||
| 300 |
_a189 p. : _bil. _c20 cm |
||
| 490 | 0 |
_aEl barco de vapor _v8 |
|
| 521 | _aA partir de 9 años. | ||
| 700 | 1 |
_aBarbadillo, Manuel _etrad. |
|
| 700 | 1 |
_aHarispe, Patrice _eil. |
|
| 830 | 0 |
_aEl barco de vapor _gNaranja _v8 |
|
| 942 |
_2ddc _cBK |
||
| 945 | _aInventariado, 2018/ YL | ||
| 956 | _adysi garcia | ||
| 999 |
_c8409 _d8409 |
||